| 000 | 00729nam a2200253 a 4500 | ||
|---|---|---|---|
| 003 | OSt | ||
| 005 | 20140311163036.0 | ||
| 008 | 110819s19uu xx 00 eng d | ||
| 020 | _a9789810695972 | ||
| 050 |
_aHF 5415.1265 _b.I57 2010 |
||
| 100 | _aChaffey, Dave | ||
| 245 |
_aInternet marketing : _bstrategy, implementation and practice. / _cDave Chaffey. |
||
| 250 | _a4th ed. | ||
| 260 |
_aJurong, Singapore : _bPearson Education South Asia Pte. Ltd, _c2010. |
||
| 300 |
_a702 p. : _bill. ; _c26 cm. |
||
| 521 | _aBSBA | ||
| 546 | _aC12163 | ||
| 546 | _aC12162 | ||
| 650 | _aInternet marketing. | ||
| 700 | _aChadwick, Fiona Ellis | ||
| 700 | _aMayer, Richard | ||
| 700 | _aJohnston, Kevin | ||
| 942 |
_cBK _2lcc _kFOR |
||
| 999 |
_c39675 _d39675 |
||